000
00252nam a2200097Ia 4500
001
836982
005
20250826172524.0
008
250824s9999 xx 000 0 und d
245
0
_a
BÜYÜYÜNCE POLİS OLACAĞIM
_c
DUYGU ÜN
260
_b
ÇINARALTI YAYINLARI
999
_c
836982
_d
836982